<?xml version="1.0" encoding="UTF-8"?>
<record
    xmlns:xsi="http://www.w3.org/2001/XMLSchema-instance"
    xsi:schemaLocation="http://www.loc.gov/MARC21/slim http://www.loc.gov/standards/marcxml/schema/MARC21slim.xsd"
    xmlns="http://www.loc.gov/MARC21/slim">

  <leader>01222nam a2200349 a 4500</leader>
  <datafield tag="999" ind1=" " ind2=" ">
    <subfield code="c">7542</subfield>
    <subfield code="d">7542</subfield>
  </datafield>
  <controlfield tag="001">991010551929706706</controlfield>
  <controlfield tag="003">OSt</controlfield>
  <controlfield tag="005">20211216112333.0</controlfield>
  <controlfield tag="008">091022s2009    sp d   |||||| 000 0 spa c</controlfield>
  <datafield tag="017" ind1=" " ind2=" ">
    <subfield code="a">DL S. 1179-2009</subfield>
  </datafield>
  <datafield tag="020" ind1=" " ind2=" ">
    <subfield code="a">9788496082908</subfield>
  </datafield>
  <datafield tag="035" ind1=" " ind2=" ">
    <subfield code="a">(ES-BaCBU)b4255522x-34csuc_network</subfield>
  </datafield>
  <datafield tag="035" ind1=" " ind2=" ">
    <subfield code="a">(ES-BaCBU).b4255522x</subfield>
  </datafield>
  <datafield tag="035" ind1=" " ind2=" ">
    <subfield code="a">(ccuc001)b4255522x</subfield>
  </datafield>
  <datafield tag="035" ind1=" " ind2=" ">
    <subfield code="a">(OCoLC)804331474</subfield>
  </datafield>
  <datafield tag="040" ind1=" " ind2=" ">
    <subfield code="a">ES-BaCBU</subfield>
    <subfield code="b">cat</subfield>
    <subfield code="c">CDMR</subfield>
  </datafield>
  <datafield tag="080" ind1=" " ind2=" ">
    <subfield code="a">07</subfield>
  </datafield>
  <datafield tag="100" ind1="1" ind2=" ">
    <subfield code="a">Mateo, Rosario de</subfield>
    <subfield code="9">104</subfield>
  </datafield>
  <datafield tag="245" ind1="1" ind2="0">
    <subfield code="a">Gesti&#xF3;n de empresas de comunicaci&#xF3;n /</subfield>
    <subfield code="c">Rosario de Mateo P&#xE9;rez, Laura Berg&#xE9;s Saura, Marta Sabater Casals</subfield>
  </datafield>
  <datafield tag="260" ind1=" " ind2=" ">
    <subfield code="a">Sevilla ;</subfield>
    <subfield code="a">Zamora :</subfield>
    <subfield code="b">Comunicaci&#xF3;n Social,</subfield>
    <subfield code="c">2009</subfield>
  </datafield>
  <datafield tag="300" ind1=" " ind2=" ">
    <subfield code="a">284 p. :</subfield>
    <subfield code="b">gr&#xE0;f. ;</subfield>
    <subfield code="c">24 cm</subfield>
  </datafield>
  <datafield tag="504" ind1=" " ind2=" ">
    <subfield code="a">Bibliografia</subfield>
  </datafield>
  <datafield tag="650" ind1=" " ind2="7">
    <subfield code="a">Mitjans de comunicaci&#xF3; de massa</subfield>
    <subfield code="x">Direcci&#xF3; i administraci&#xF3;.</subfield>
    <subfield code="2">lemac</subfield>
  </datafield>
  <datafield tag="650" ind1=" " ind2="7">
    <subfield code="a">Empreses period&#xED;stiques</subfield>
    <subfield code="x">Direcci&#xF3; i administraci&#xF3;.</subfield>
    <subfield code="2">lemac</subfield>
  </datafield>
  <datafield tag="700" ind1="1" ind2=" ">
    <subfield code="a">Berg&#xE9;s Saura, Laura</subfield>
  </datafield>
  <datafield tag="700" ind1="1" ind2=" ">
    <subfield code="a">Sabater Casals, Marta</subfield>
  </datafield>
  <datafield tag="830" ind1=" " ind2="0">
    <subfield code="a">Period&#xED;stica ;</subfield>
    <subfield code="v">30</subfield>
  </datafield>
  <datafield tag="907" ind1=" " ind2=" ">
    <subfield code="a">.b4255522x</subfield>
    <subfield code="b">21-06-21</subfield>
    <subfield code="c">22-10-09</subfield>
    <subfield code="d">22-10-09</subfield>
    <subfield code="e">m</subfield>
    <subfield code="f">a</subfield>
    <subfield code="g">-</subfield>
    <subfield code="h">spa</subfield>
    <subfield code="i">sp</subfield>
    <subfield code="j">0</subfield>
    <subfield code="k">1</subfield>
  </datafield>
  <datafield tag="908" ind1=" " ind2=" ">
    <subfield code="a">UIC</subfield>
    <subfield code="a">UVic-UCC</subfield>
    <subfield code="a">UAB</subfield>
    <subfield code="a">UJI</subfield>
    <subfield code="a">UPF</subfield>
    <subfield code="a">UOC</subfield>
    <subfield code="a">UAO</subfield>
    <subfield code="a">URL</subfield>
    <subfield code="a">UdL</subfield>
    <subfield code="a">UB</subfield>
  </datafield>
  <datafield tag="940" ind1=" " ind2=" ">
    <subfield code="a">UAB</subfield>
  </datafield>
  <datafield tag="942" ind1=" " ind2=" ">
    <subfield code="2">udc</subfield>
    <subfield code="c">MON</subfield>
  </datafield>
  <datafield tag="952" ind1=" " ind2=" ">
    <subfield code="0">0</subfield>
    <subfield code="1">0</subfield>
    <subfield code="4">0</subfield>
    <subfield code="7">0</subfield>
    <subfield code="a">CDMR</subfield>
    <subfield code="b">CDMR</subfield>
    <subfield code="d">2021-12-16</subfield>
    <subfield code="e">Donaci&#xF3;</subfield>
    <subfield code="g">25.00</subfield>
    <subfield code="l">0</subfield>
    <subfield code="o">Cm 1/42</subfield>
    <subfield code="p">CDMR21120078</subfield>
    <subfield code="r">2021-12-16</subfield>
    <subfield code="w">2021-12-16</subfield>
    <subfield code="y">MON</subfield>
  </datafield>
</record>
